ბათუმის შოთა რუსთაველის სახელმწიფო უნივერსიტეტის ბიბლიოთეკა

Справочник проектировщика, сложные основания и фундаменты. (ბიბ.ჩანაწერი № 50750)

000 -LEADER
fixed length control field 00702nam a2200193Ia 4500
001 - CONTROL NUMBER
control field 17702
003 - CONTROL NUMBER IDENTIFIER
control field GE_BSU
008 - FIXED-LENGTH DATA ELEMENTS--GENERAL INFORMATION
fixed length control field 181216s||||||||xx |||||||||||||| ||und||
040 ## - CATALOGING SOURCE
Transcribing agency GE_BSU
080 ## - UNIVERSAL DECIMAL CLASSIFICATION NUMBER
Universal Decimal Classification number 624.15(035)
245 ## - TITLE STATEMENT
Title Справочник проектировщика, сложные основания и фундаменты.
245 ## - TITLE STATEMENT
Statement of responsibility, etc. Под ред. Ю.Г.Трофименкова, глав. ред. А.К.Волянский.
260 ## - PUBLICATION, DISTRIBUTION, ETC.
Place of publication, distribution, etc. М.
260 ## - PUBLICATION, DISTRIBUTION, ETC.
Name of publisher, distributor, etc. Стройиздат.
260 ## - PUBLICATION, DISTRIBUTION, ETC.
Date of publication, distribution, etc. 1969.
300 ## - PHYSICAL DESCRIPTION
Extent 271 стр. с илл. 27 см.
653 ## - INDEX TERM--UNCONTROLLED
Uncontrolled term Справочник проектировщика, сложные основания и фундаменты.
942 ## - ADDED ENTRY ELEMENTS (KOHA)
Koha item type წიგნი
ეგზემპლარები
Withdrawn status Lost status Damaged status Not for loan Date acquired Barcode Date last seen Price effective from Koha item type
        2018-12-17 9797 2018-12-17 2018-12-17 წიგნი